000 00655nam a2200217 a 4500
001 BRCA_7066
005 20190320205712.0
008 071211s1920----gw-#######---#000-0#ger-#b.W45 1 1920
100 1 _aWeidel, Karl
_917572
245 1 0 _aGoethes Faust
_beine Einführung in sein Verständnis
_cvon Dr. Karl Weidel
260 _aMagdeburgo
_bFritz Wolf
_c[192-?]
300 _a230 p.
_c19 cm.
440 0 _aDeutsche Bildung
_v1
_917573
500 _aTítulo de cuebierta: Goethe Faust
500 _aEstado físico: Lomo deteriorado
500 _aVer también O43
500 _aO33
650 1 4 _aLiteratura Alemana
_96160
902 _aGFM
942 _2lcc
_cB
999 _c6747
_d6747